000 00307nam a22001337a 4500
008 170715b xxu||||| |||| 00| 0 eng d
020 _a9780534587888
041 _aeng
080 _a572
100 _a24
101 _aANT
245 _aINTRODUCTION TO PHYSICAL ANTHROPOLOGY
_cJURMAIN,R
942 _2udc
_cBK
999 _c21107
_d21107